000 00488nam a2200193 i 4500
001 bgj
100 1 _aCarroll, Lewis
_d(1832-1898).
245 1 0 _aAlice in Wonderland /
_cLewis Carrol.
250 _arepr.
260 _aWare :
_bWordsworth Classics,
_c1992.
300 _a295 pp :
_bdraw.
650 9 _aEnglish fiction
020 _a1853260029 (pbk)
040 _cBPK
041 0 _aeng
920 _a1-85326-002-9 (pbk)
942 _cKS
008 s uk f |000 0 eng
999 _c48288
_d48288
856 _uhttp://koha.tu.koszalin.pl/cgi-bin/koha/opac-detail.pl?biblionumber=48288
_yKatalog online BPK